Statistics for Cars to appear on Wheeler Dealers

Click here to take the quiz!

General Stats

  • This quiz has been taken 7 times
  • The average score is 41 of 174

Answer Stats

Car YearAnswer% Correct
1967Austin Mini Mk1
100%
1988Mini City 1000
100%
1968Chevrolet Corvette C3 Converitble
75%
1984Chevrolet Corvette C4
75%
2002Chevrolet Corvette C5 Z06
75%
1986Ford Capri Laser 1.6
75%
1995Ford Escort RS Cosworth
75%
1989Jaguar XJS 3.6 L6
75%
1965Land Rover Series IIA
75%
1981Land Rover Series III V8
75%
1990Mazda MX5
75%
1983Porsche 924
75%
1986Audi Quattro
50%
2001Audi TT
50%
1996BMW E36 M3 Convertible
50%
2000BMW E39 M5
50%
2004BMW E46 M3
50%
1962Cadillac Coupe De Ville
50%
1957Chevrolet Bel Air
50%
1968Chevrolet Camaro
50%
1973Chevrolet Camaro RS
50%
1958Citroen 2CV AZLP
50%
1970Dodge Charger
50%
1972Ford Escort Mk 1
50%
1978Ford Escort Mk2
50%
1988Ford Mustang Covertible
50%
1967Ford Mustang GT Flashback
50%
1973Ford Mustang Mach 1
50%
1958Ford Popular 103E Hot Rod
50%
1983Jeep CJ7
50%
1963Lincoln Continental
50%
1995Mazda RX7
50%
1985Mazda RX7 GSL SE
50%
1976Mercury Capri Mk2
50%
2004Mini Cooper S
50%
1996Nissan Skyline R33 GTS
50%
1978Porsche 928
50%
2002Range Rover L322 TD6 Vogue
50%
1989Range Rover Vogue SE
50%
1985Saab 900 Turbo
50%
2002Saab 93 Turbo Convertible
50%
1973Toyota Celica ST
50%
1982Toyota Celica Supra
50%
1982Alfa Romeo Alfasud 1.5 TI
25%
1987Alfa Romeo Spider Quadrifoglio
25%
1972Alfa Romeo Spider Veloce 2000
25%
1975AMC Pacer
25%
1974BMW 2002 TII
25%
1985BMW 635CSI
25%
1963BMW Isetta 300
25%
1989BMW Z1
25%
1980Chevrolet LUV
25%
1972Datsun 240Z
25%
1982DeLorean DMC 12
25%
1965Dodge A100 Sportsman Van
25%
2004Dodge Ram SRT10
25%
1975Ferrari Dino 308 GT4
25%
1971Fiat 500L
25%
1970Fiat Dino Coupe 2400
25%
1989Fiat Panda 4X4
25%
1970Ford Bronco Series 1
25%
1992Ford Bronco XLT
25%
1983Ford Fiesta XR2
25%
1990Ford Sierra RS Cosworth
25%
1957Ford Thunderbird
25%
1983FSM Syrena 105L
25%
2003Honda S2000
25%
1992Humvee
25%
1960Jaguar Mark 2 3.8
25%
1972Lamborghini Urraco P250S
25%
1989Lancia Delta HF Intergrale 8v
25%
1972Lancia Fulvia 1.3S Series II
25%
1989Land Rover Defender 90
25%
1995Land Rover Discovery ES TDI
25%
1992Lexus LS400
25%
1991Lotus Elan M100
25%
1968Lotus Elan S4 SE Coupe
25%
2002Lotus Elise Series 2
25%
1982Lotus Esprit S3
25%
2000Maserati 3200 GT
25%
1987Mercedes Benz 190E Cosworth
25%
1987Mercedes Benz 560SL
25%
1984Mercedes Benz W123 230E
25%
1979Mini Moke
25%
1966Morris Minor 1000 Traveller
25%
2002Noble M12 GTO 2.5
25%
1990Peugeot 205 1.9 GTI
25%
1965Pontiac GTO
25%
1977Porsch 924
25%
1976Porsche 911S 2.7 Targa
25%
1987Porsche 944 Turbo
25%
1996Porsche 993 Targa
25%
2000Porsche 996
25%
2000Porsche Boxter S
25%
2001Range Rover P38 4.0 HSE
25%
1973Rover P5B
25%
1973Saab 96
25%
2001Subaru Impreza WRX
25%
1999TVR Cerbera
25%
1989TVR S2
25%
1960Volkswagen Beetle
25%
1992Volkswagen Corrado VR6
25%
1983Volkswagen Golf Mk1 GTI
25%
1984Volkswagen Rabbit GTI
25%
1967Volkswagen Type 2 Split Screen
25%
1979Volkswagen Type 2 T2
25%
1968Volvo P1800S
25%
1991Alfa Romeo 164 L
0%
1967Amphicar 770
0%
1996Aston Martin DB7
0%
1965Austin Healey 3000 Mark III BJ8
0%
1959Austin Healey Frogeye Sprite
0%
1984Bentley Mulsanne Turbo
0%
1995BMW 840CI
0%
1989BMW E30 325i Touring
0%
1970Bond Bug 700ES
0%
1916Cadillac Type 53 Roadster V8
0%
2011Caterham 7
0%
1954Chevrolet 3100 Stepside
0%
1971Chevrolet C10 Truck
0%
1963Chevrolet Corvair Convertible
0%
1964Chevrolet Corvette Stingray C2
0%
1956Citreon HY Van
0%
1974Citroen D Super 5
0%
1903Darracq Type L
0%
1972Datsun 510
0%
1952DeSota Firedome 8
0%
1971Fiat 124 Sport Spider
0%
1951Ford F 1
0%
1964Ford Falcon Ranchero
0%
2002Gardner Douglas Cobra
0%
1977Honda CVCC
0%
1970International Harvester Scout
0%
1973Jaguar E Type V12
0%
1976Jaguar XJC 4.2 Coupe
0%
1999Jaguar XK8 Convertible
0%
1988Jeep Grand Wagoneer
0%
1974Jensen Healey
0%
1973Jensen Interceptor III
0%
1985Maserati BiTurbo
0%
1993Mercedes Benz 300GE
0%
1985Mercedes Benz 300TD
0%
1983Mercedes Benz 500 SEC
0%
2002Mercedes Benz E55 AMG
0%
2000Mercedes Benz SLK200
0%
1983Mercedez Benz 280SL R107
0%
1985Merkur XR4TI
0%
1957Messerschmitt KR200
0%
1959MGA
0%
1977MGB GT
0%
1994Mitsubishi 3000GT VR4
0%
1992Morgan +4
0%
1969Opel GT 1900
0%
1965Plymouth Barracuda
0%
1976Porsche 912E
0%
1974Porsche 914 4
0%
1969Predator Beach Buggy
0%
1977Renault Alpine A310 V6
0%
1963Sunbeam Alpine
0%
1985Suzuki SJ410 Samurai
0%
1985Toyota Land Cruiser FJ60
0%
1988Toyota MR2
0%
1991Toyota MR2 Turbo
0%
1980Triumph Spitfire Mk4 1500
0%
1972Triumph Stag
0%
1975Triumph TR6
0%
1973Volkswagen 181 Thing
0%
1970Volkswagen Fastback
0%
1969Volkswagen Karmann Ghia
0%
1989Volkwagen Transporter T3
0%
1995Volvo 850 T5R Wagon
0%
1965Volvo Amazon 122S
0%
1963Volvo PV544
0%
1945Willys MB Jeep
0%

Score Distribution

Percentile by Number Answered

Percent of People with Each Score

Your Score History

You have not taken this quiz